000 00582 a2200193 4500
003 Nust
005 20230525112934.0
010 _a28017388
040 _cNust
082 _a823, GAL
100 _aGalsworthy, John,
_9112580
245 _aSwan song
_c John Galsworthy
260 _aNew York,
_bC. Scribner’s sons
_c1928
300 _aviii, 360 p
_b20 cm
505 _aPart.1. Initiation Of The Canteen (Page-1), Part.2. Son Of Sleeping Dove (Page-105),Part.3. Soames Give Advice (Page-223).
600 _aGalsworthy, John,
_9112580
650 _aNovel
_92525
942 _2ddc
_cBK
999 _c186807
_d186807